00278nam a2200109 a 4500001000500000005001700005008004100022020001800063050001800081100001900099245005000118404120140414131903.0081121s19uu xx 00 eng d a0-671-00048-9 aFICbK25 1997 aKeene, Carolyn aNancy Drew :bThe riddle of the ruby gazelle.